| 000 | 01215nam a2200373 a 4500 | ||
|---|---|---|---|
| 001 | vtls000102875 | ||
| 003 | NLI | ||
| 005 | 20210601201855.0 | ||
| 008 | 101125s1966 enkb 001 0 eng | ||
| 020 | _cRs. 42.00 | ||
| 039 | 9 |
_y201011251142 _zVLOAD |
|
| 040 |
_aNLI _beng _cDataSoft _eAACR2 |
||
| 041 | 0 | _aeng | |
| 044 | _aenk | ||
| 082 | 0 | 4 | _a327.51 |
| 100 | 1 |
_aHinton, Harold C. _9207410 |
|
| 245 | 1 | 0 |
_aCommunist China in world politics / _cHarold C. Hinton |
| 260 |
_aLondon : _bMacmillan, _c1966 |
||
| 300 |
_axiii, 527 p. : _bmap ; _c24 cm. |
||
| 500 | _aLibrary has 2 cops. | ||
| 504 | _aIncludes bibliographical references and index | ||
| 650 | 0 |
_aCommunism _91081 |
|
| 650 | 0 | _aWorld politics | |
| 651 | 0 |
_aChina _xForeign relations _9209223 |
|
| 651 | 0 |
_aChina _xPolitics and government _97793 |
|
| 887 | _a | ||
| 901 |
_a381543 _b05.12.1966 |
||
| 901 |
_aG32123 _b20.11.1984 _9c2 |
||
| 902 | _aE327.51 H596 | ||
| 949 |
_AVIRTUAITEM _D10000 _X100 _6PUR000381543ENG |
||
| 942 |
_2ddc _cBKS |
||
| 949 |
_AVIRTUAITEM _D10000 _X100 _6GXX000032123ENG |
||
| 999 |
_aVIRTUA00 _c106951 _d106951 |
||
| 999 | _aVTLSSORT0080*0200*0400*0410*0440*0820*1000*2450*2600*3000*5000*5040*6500*6501*6510*6511*9010*9011*9020*9490*9491*9991 | ||